1189 1180 1930 1253 1232 1008 1280 1484 1884 1975 1078 1634 1671 1430 1706 1346 1170 1105 1724 1747 1678 1183 1926 1605 1372 1689 1348 1607 1525 1897 1075 1126 1770 1345 1590 1450 1849 1225 1300 1583 1411 1123 1595 1778 1767 1351 1918 1087 1710 1181 1526 1566 1265 1148 1623 1238 1003 1792 1091 1718 1244 1700 1547 1849 1220 1556 1663 1120 1914 1495 1000 1570 1095 1602 1932 1043 1389 1337 1530 1193 1217 1496 1872 1809 1886 1322 1036 1891 1253 1317 1813 1361 1104 1138 1886 1385 1082 1983 1498 BCNSPRNW ULIB Ver.6.0+V

เปลี่ยนเป็นภาษาไทย

Change to English
 แสดงรายละเอียดบรรณานุกรม
  กลับหน้าหลัก

Brief Record : Get Marc (ISO 2709) : E-mail record : QR code < ปิดหน้าต่าง
LEADER : 00000nam 2200000uu 4500
001    13399124634
003     ULIB
008    151104s2558||||th 000 0 tha d
020    9786167853154
050  4 LB2830^bว213
110 1  สำนักรับรองมาตรฐานและประเมินคุณภาพการศึกษา(องค์การมหาชน)
245 00 วัฒนธรรมคุณภาพ:สร้างคน สร้างชาติ^cสำนักรับรองมาตรฐานและประเมินคุณภาพการศึกษา(องค์การมหาชน)
260    กรุงเทฯ:^bออฟเซ็ท พลัส,^c2558
300    240 หน้า^bภาพประกอบ
650  0 การประกันคุณภาพการศึกษา
650  0 การรับรองคุณภาพสถานศึกษา
650  0 ระบบประเมินคุณภาพ
945    ^p0^l0^i000174
999    ^aวรรณษา ชูชัยมงคล
รายการนี้ยังไม่มีแท็ก
คุณยังไม่ได้ล็อกอิน คุณสามารถมีกิจกรรมร่วมกับเว็บไซต์ได้ แต่ต้องล็อกอินก่อน ::
  ล็อกอิน

รายการสื่อสารสนเทศ

ลำดับที่ ประเภท เลขเรียก/บาร์โค้ด สถานที่ สถานะ
1. การศึกษาทั่วไป
การศึกษาทั่วไป
LB2830 ว213 ฉ.1 
  Barcode: 000174
ห้องสมุดวิทยาเขตสวรรค์ประชารักษ์
►หนังสือทั่วไป
บนชั้น

รายการใกล้เคียง
    หัวเรื่อง [การประกันคุณภาพการศึกษา]

BibComment


ยังไม่เคยถูกคอมเมนท์

คอมเมนท์ทรัพยากรรายการนี้
  คอมเมนท์: วัฒนธรรมคุณภาพสร้..


 Copyright 2026. Bcnsprnw @Library